Human reliability (Record no. 5193)

000 -LEADER
fixed length control field 00628nam a2200229 a 4500
001 - CONTROL NUMBER
control field 5193
003 - CONTROL NUMBER IDENTIFIER
control field BD-DhUET
008 - FIXED-LENGTH DATA ELEMENTS--GENERAL INFORMATION
fixed length control field 860129s1986 nyua b 001 0 eng
020 ## - INTERNATIONAL STANDARD BOOK NUMBER
International Standard Book Number 0080327745
020 ## - INTERNATIONAL STANDARD BOOK NUMBER
International Standard Book Number 0080339816
040 ## - CATALOGING SOURCE
Original cataloging agency DLC
Transcribing agency DLC
Modifying agency BD-DhUET
082 ## - DEWEY DECIMAL CLASSIFICATION NUMBER
Classification number 620.82
Item number DHI/1986
100 ## - MAIN ENTRY--PERSONAL NAME
Personal name Dhillon, Balbir S.
245 10 - TITLE STATEMENT
Title Human reliability
Remainder of title with human factors
Statement of responsibility, etc. by Balbir S. Dhillon
250 ## - EDITION STATEMENT
Edition statement 1st ed.
260 ## - PUBLICATION, DISTRIBUTION, ETC. (IMPRINT)
Place of publication, distribution, etc. New York
Name of publisher, distributor, etc. Pergamon Press
Date of publication, distribution, etc. 1986
300 ## - PHYSICAL DESCRIPTION
Extent xix,239p.
Other physical details ill.
Dimensions 24 cm.
504 ## - BIBLIOGRAPHY, ETC. NOTE
Bibliography, etc Includes bibliographies
650 #0 - SUBJECT ADDED ENTRY--TOPICAL TERM
Topical term or geographic name as entry element Human engineering
650 #0 - SUBJECT ADDED ENTRY--TOPICAL TERM
Topical term or geographic name as entry element Reliability (Engineering)
942 ## - ADDED ENTRY ELEMENTS (KOHA)
Koha item type General Book
Holdings
Date acquired Withdrawn status Koha date last seen Not for loan Shelving location Piece designation (barcode) Koha normalized classification for sorting Price effective from Copy number Damaged status Location (home branch) Lost status Koha full call number Source of classification or shelving scheme Koha item type Sublocation or collection (holding branch)
2014-11-25 2014-11-25 Circulation section67302620_000000000000000_82DHI19862014-11-251 Central Library, BUET 620.82/DHI/1986 General BookCentral Library, BUET
2014-11-25 2014-11-25 Circulation section67303620_000000000000000_82DHI19862014-11-252 Central Library, BUET 620.82/DHI/1986 General BookCentral Library, BUET
2014-11-25 2014-11-25 Circulation section67304620_000000000000000_82DHI19862014-11-253 Central Library, BUET 620.82/DHI/1986 General BookCentral Library, BUET
2014-11-25 2014-11-25 Circulation section67305620_000000000000000_82DHI19862014-11-254 Central Library, BUET 620.82/DHI/1986 General BookCentral Library, BUET